[Event "PHzene19"]
[Site "Zagreb, Masarykova 22"]
[Date "2019.05.07"]
[Round "1.1"]
[White "Smetisko, Marija"]
[Black "Medic, Mirjana"]
[Result "0-1"]
[WhiteElo "1850"]
[BlackElo "2253"]
[PlyCount "80"]
[EventDate "2019.??.??"]

1. e4 e6 2. d4 d5 3. exd5 exd5 4. Nc3 Nf6 5. Bg5 Be7 6. Bd3 Bg4 7. f3 Bh5 8.
Bxf6 Bxf6 9. Qe2+ Kf8 10. Qf2 Nc6 11. Nge2 Bg6 12. Bxg6 hxg6 13. O-O-O Qd7 14.
Kb1 Re8 15. g3 g5 16. f4 g4 17. Nc1 Rh5 18. Nb3 b6 19. Rdf1 g6 20. Nd1 a5 21.
c3 a4 22. Nc1 Na5 23. Ne3 Nc4 24. Re1 Nd6 25. Qe2 Ne4 26. Qc2 c5 27. dxc5 bxc5
28. Nd3 a3 29. Nf2 Nxf2 30. Qxf2 axb2 31. Nc2 Rxe1+ 32. Rxe1 d4 33. Qd2 Qf5 34.
a3 Kg7 35. c4 Rh8 36. Ka2 Rb8 37. Rb1 d3 38. Ne3 Qe4 39. h3 gxh3 40. g4 h2 0-1

[Event "PHzene19"]
[Site "Zagreb, Masarykova 22"]
[Date "2019.05.07"]
[Round "1.2"]
[White "Cvitan, Ena"]
[Black "Maroslavac, Ivana"]
[Result "1-0"]
[WhiteElo "2132"]
[BlackElo "1825"]
[PlyCount "43"]
[EventDate "2019.??.??"]

1. d4 Nf6 2. c4 e6 3. a3 Be7 4. Nc3 b6 5. d5 exd5 6. cxd5 d6 7. e4 Bb7 8. Bd3
c6 9. Nge2 O-O 10. Bc2 cxd5 11. exd5 Na6 12. O-O Nc7 13. Nf4 h6 14. Be3 Rc8 15.
Rc1 Na6 16. Nb5 Ra8 17. b4 Qd7 18. Qd3 Rfc8 19. Bd4 g5 20. Bxf6 Bxf6 21. Qh7+
Kf8 22. Ng6+ 1-0

[Event "PHzene19"]
[Site "Zagreb, Masarykova 22"]
[Date "2019.05.07"]
[Round "1.3"]
[White "Bevanda, Ema"]
[Black "Blazeka, Mihaela"]
[Result "0-1"]
[WhiteElo "1754"]
[BlackElo "2118"]
[PlyCount "128"]
[EventDate "2019.??.??"]

1. d4 Nf6 2. Bf4 e6 3. e3 b6 4. Nf3 Bb7 5. Nbd2 Be7 6. h3 c5 7. Bd3 O-O 8. c3
d6 9. Qe2 Nbd7 10. O-O Qc7 11. Rad1 e5 12. dxe5 dxe5 13. Bh2 Rfe8 14. Bc2 Bf8
15. e4 g6 16. Rfe1 Nh5 17. Qc4 a6 18. a4 Bc6 19. Ng5 Re7 20. Qe2 Bh6 21. h4 b5
22. axb5 axb5 23. c4 b4 24. Ra1 Ree8 25. Qf3 f6 26. g4 Ng7 27. Qe3 Qb7 28. f4
Rxa1 29. Rxa1 exf4 30. Bxf4 Bxg5 31. hxg5 Ne6 32. gxf6 Nxf6 33. g5 Nxf4 34.
gxf6 Ne6 35. Rf1 Qf7 36. e5 Nd4 37. Bb1 Ba8 38. Rf2 Kh8 39. Rh2 Qxf6 40. Rxh7+
Kg8 41. exf6 Rxe3 42. f7+ Kf8 43. Nf1 Re2 44. Rh8+ Kxf7 45. Rxa8 Nf3+ 46. Kh1
Re1 47. Bd3 Ne5 48. Ra7+ Kf6 49. Ra6+ Kg5 50. Bxg6 Rxf1+ 51. Kg2 Rf6 52. Rxf6
Kxf6 53. Be4 Nxc4 54. b3 Nd2 55. Bc2 Ke5 56. Kf2 Kd4 57. Ke2 Kc3 58. Kd1 Nxb3
59. Bf5 c4 60. Bh7 Kb2 61. Bg8 c3 62. Bxb3 Kxb3 63. Kc1 c2 64. Kd2 Kb2 0-1

[Event "PHzene19"]
[Site "Zagreb, Masarykova 22"]
[Date "2019.05.07"]
[Round "1.4"]
[White "Ivekovic, Tihana"]
[Black "Trgovac, Mira"]
[Result "1-0"]
[WhiteElo "2081"]
[BlackElo "1546"]
[PlyCount "63"]
[EventDate "2019.??.??"]

1. d4 Nf6 2. c4 g6 3. Nf3 d5 4. cxd5 Nxd5 5. e4 Nf6 6. Nc3 Bg7 7. Bc4 c6 8. h3
O-O 9. O-O b5 10. Bd3 Bb7 11. Bg5 a6 12. Rc1 Nbd7 13. e5 Nd5 14. Ne4 Nb4 15.
Bb1 Nb6 16. b3 N4d5 17. Qd2 a5 18. Bh6 Nd7 19. Bxg7 Kxg7 20. Rfe1 a4 21. e6
N7f6 22. exf7 Nxe4 23. Bxe4 Rxf7 24. Ng5 Rf6 25. Bxd5 cxd5 26. Ne6+ Rxe6 27.
Rxe6 Bc8 28. Ree1 Qd7 29. Qb4 e6 30. Qc5 Ba6 31. Qb6 Qd8 32. Qxe6 1-0

[Event "PHzene19"]
[Site "Zagreb, Masarykova 22"]
[Date "2019.05.07"]
[Round "1.5"]
[White "Smetisko, Lucija"]
[Black "Vujnovic, Patricija"]
[Result "0-1"]
[WhiteElo "1532"]
[BlackElo "2071"]
[PlyCount "70"]
[EventDate "2019.??.??"]

1. e4 c6 2. Nc3 d5 3. d4 dxe4 4. Nxe4 Nf6 5. Nxf6+ exf6 6. c3 Bd6 7. Bd3 O-O 8.
Qc2 Re8+ 9. Ne2 h5 10. Be3 Be6 11. O-O Qc7 12. g3 h4 13. Nf4 Bg4 14. Rfe1 Nd7
15. Kg2 Nf8 16. Bf5 Bxf5 17. Qxf5 Qd7 18. Qxd7 Nxd7 19. gxh4 f5 20. h3 Nf6 21.
Rad1 g6 22. Nd3 Nd5 23. Bd2 Kg7 24. c4 Nf6 25. f3 Nh5 26. f4 Be7 27. Bc3 Bxh4
28. d5+ Kg8 29. Rh1 cxd5 30. cxd5 Re3 31. Be5 Rc8 32. Nb4 f6 33. Bc3 Nxf4+ 34.
Kf1 Rf3+ 35. Kg1 Ne2+ 0-1

[Event "PHzene19"]
[Site "Zagreb, Masarykova 22"]
[Date "2019.05.07"]
[Round "1.6"]
[White "Spiranec, Noemi"]
[Black "Arnold, Dora"]
[Result "1-0"]
[WhiteElo "2009"]
[BlackElo "1482"]
[PlyCount "111"]
[EventDate "2019.??.??"]

1. d4 Nf6 2. c4 g6 3. g3 Bg7 4. Bg2 d5 5. cxd5 Nxd5 6. Nf3 O-O 7. O-O Nc6 8.
Nc3 Nb6 9. e3 e6 10. b3 Ne7 11. Ba3 Re8 12. Rc1 Bd7 13. Ne4 Bc6 14. Nc5 Nd7 15.
Nd2 Nxc5 16. Bxc5 Bxg2 17. Kxg2 e5 18. dxe5 Bxe5 19. Nc4 Bg7 20. Qf3 Qd5 21.
Qxd5 Nxd5 22. Rfd1 Rad8 23. Kf3 Nc3 24. Rxd8 Rxd8 25. Rc2 f5 26. Ba3 Nb5 27.
Bb2 Bxb2 28. Nxb2 c6 29. Nc4 Kf7 30. h4 Ke6 31. Kf4 Nc7 32. a3 h6 33. Na5 Nd5+
34. Kf3 Rd7 35. b4 Rc7 36. Rc1 Ke5 37. Ke2 Kd6 38. Kd3 Nf6 39. f3 Kd5 40. Rc5+
Kd6 41. Nc4+ Ke7 42. Ne5 g5 43. hxg5 hxg5 44. Ra5 b6 45. Rxa7 Rxa7 46. Nxc6+
Kd6 47. Nxa7 Kd5 48. Nb5 Nd7 49. Nc3+ Ke6 50. f4 g4 51. Kd4 Nf6 52. a4 Nh5 53.
Ne2 Nf6 54. a5 bxa5 55. bxa5 Nd5 56. Kc5 1-0

[Event "PHzene19"]
[Site "Zagreb, Masarykova 22"]
[Date "2019.05.07"]
[Round "1.7"]
[White "Purkic, Ruza"]
[Black "Radikovic, Anamarija"]
[Result "0-1"]
[WhiteElo "1443"]
[BlackElo "1918"]
[PlyCount "98"]
[EventDate "2019.??.??"]

1. c4 Nf6 2. d4 g6 3. Nf3 Bg7 4. g3 O-O 5. Bg2 d6 6. Nc3 c6 7. O-O Bg4 8. h3
Bxf3 9. Bxf3 Nbd7 10. Rb1 e5 11. d5 Qc7 12. b3 Rfe8 13. e4 Rad8 14. Be3 Nf8 15.
Qd2 a6 16. a4 Rc8 17. Bg2 Red8 18. Rfc1 Rb8 19. Ne2 Qe7 20. a5 N8d7 21. b4 c5
22. b5 Rdc8 23. b6 h5 24. Nc3 Nh7 25. f4 h4 26. g4 exf4 27. Bxf4 Ne5 28. Nd1
Bf6 29. Ne3 Ng5 30. Rf1 Re8 31. Qf2 Nd3 32. Bxd6 Nxf2 33. Bxe7 Nfxh3+ 34. Bxh3
Nxh3+ 35. Kh2 Bxe7 36. Kxh3 Bg5 37. Ng2 Rxe4 38. Rf3 Rxc4 39. Nxh4 f5 40. Nxf5
gxf5 41. gxf5 Rh4+ 42. Kg3 Kf7 43. Re1 Rg8 44. Re6 Bf6+ 45. Kf2 Bd4+ 46. Ke2 c4
47. Rf1 Rh3 48. Ke1 Rg2 49. d6 Ra3 0-1

[Event "PHzene19"]
[Site "Zagreb, Masarykova 22"]
[Date "2019.05.07"]
[Round "1.8"]
[White "Muha, Magdalena"]
[Black "Vuljanic, Ana"]
[Result "1-0"]
[WhiteElo "1918"]
[BlackElo "1440"]
[PlyCount "83"]
[EventDate "2019.??.??"]

1. d4 Nf6 2. c4 c5 3. Nf3 cxd4 4. Nxd4 e5 5. Nf3 Nc6 6. Bg5 Bc5 7. e3 O-O 8.
Be2 Qa5+ 9. Nfd2 Ne4 10. Bh4 Nxd2 11. Nxd2 Be7 12. Bxe7 Nxe7 13. e4 d6 14. O-O
f5 15. exf5 Bxf5 16. Bf3 Rac8 17. Bxb7 Rc7 18. Nb3 Qb6 19. Bd5+ Kh8 20. Rc1 Bg6
21. Rc3 Nxd5 22. Qxd5 Bf7 23. Qe4 Be6 24. Qc2 Rfc8 25. Rc1 a5 26. Nd2 Qd4 27.
Nf3 Qf4 28. Nd2 Qd4 29. Rd3 Qb6 30. b3 d5 31. Rc3 dxc4 32. bxc4 Rf8 33. c5 Qc6
34. f3 Bf5 35. Qb2 Rb7 36. Rb3 Rxb3 37. Qxb3 Rd8 38. Qc3 Rd4 39. Nb3 Rd3 40.
Qxe5 Qd7 41. c6 Qa7+ 42. Nc5 1-0

[Event "PHzene19"]
[Site "Zagreb, Masarykova 22"]
[Date "2019.05.07"]
[Round "1.9"]
[White "Bedic, Noemi"]
[Black "Grgic, Neomi"]
[Result "0-1"]
[WhiteElo "1392"]
[BlackElo "1904"]
[PlyCount "114"]
[EventDate "2019.??.??"]

1. e4 e5 2. Nf3 Nc6 3. Bb5 a6 4. Ba4 Nf6 5. O-O Be7 6. d3 b5 7. Bb3 d6 8. c3
O-O 9. Re1 Na5 10. Bc2 c5 11. Nbd2 Qc7 12. Nf1 Nc6 13. Bg5 h6 14. Bxf6 Bxf6 15.
Ne3 Be6 16. Nd5 Qd8 17. Nxf6+ Qxf6 18. Nd2 Qg5 19. Re3 h5 20. Rg3 Qh6 21. h4
Ne7 22. Qe1 Ng6 23. Nf3 Bg4 24. Nh2 Be6 25. Nf3 Qf4 26. Qc1 Qxc1+ 27. Rxc1 Nf4
28. Kf1 Bxa2 29. b3 c4 30. dxc4 bxc4 31. Nd2 cxb3 32. Bxb3 Bxb3 33. Nxb3 a5 34.
Ra1 a4 35. Nd2 Rfb8 36. Nc4 Ra6 37. Re3 Rc8 38. Na3 Ne6 39. f3 Nc5 40. Rd1 Rb8
41. Ke2 Rb3 42. c4 Kf8 43. g4 g6 44. gxh5 gxh5 45. Rg1 Ne6 46. Kf2 Nf4 47. Rd1
Rb2+ 48. Kf1 Rh2 49. Rb1 Rxh4 50. Rb8+ Kg7 51. Rd8 Rh1+ 52. Kf2 h4 53. Nb5 Rd1
54. Rd7 h3 55. Kg3 Rg1+ 56. Kh2 Rg2+ 57. Kh1 Nh5 0-1

[Event "PHzene19"]
[Site "Zagreb, Masarykova 22"]
[Date "2019.05.07"]
[Round "1.10"]
[White "Golub, Nikolina"]
[Black "Spilek, Kristina"]
[Result "1-0"]
[WhiteElo "1860"]
[BlackElo "1384"]
[PlyCount "53"]
[EventDate "2019.??.??"]

1. d4 e6 2. c4 d5 3. g3 Nf6 4. Bg2 Be7 5. Nf3 O-O 6. O-O Nbd7 7. Nbd2 c5 8. e3
cxd4 9. exd4 b6 10. Re1 Bb7 11. b3 Rc8 12. Bb2 Re8 13. Rc1 h6 14. a3 Bd6 15.
Ne5 Ba8 16. b4 Bf8 17. Qa4 Rc7 18. cxd5 exd5 19. Rxc7 Qxc7 20. Rc1 Qb7 21. Ndf3
b5 22. Qc2 Nb6 23. Nd2 Rc8 24. Qb1 Rxc1+ 25. Qxc1 Bd6 26. Nd3 Qc7 27. Nc5 1-0

[Event "PHzene19"]
[Site "Zagreb, Masarykova 22"]
[Date "2019.05.08"]
[Round "2.1"]
[White "Medic, Mirjana"]
[Black "Spiranec, Noemi"]
[Result "1/2-1/2"]
[WhiteElo "2253"]
[BlackElo "2009"]
[PlyCount "83"]
[EventDate "2019.??.??"]

1. d4 Nf6 2. Nf3 e6 3. e3 d5 4. Bd3 c5 5. b3 Bd6 6. Bb2 Nc6 7. O-O O-O 8. Nbd2
Re8 9. Ne5 Qc7 10. Nxc6 bxc6 11. Nf3 cxd4 12. exd4 a5 13. c4 dxc4 14. Bxc4 Nd5
15. Ne5 Ba6 16. Rc1 f6 17. Nf3 Bf4 18. Rb1 c5 19. Re1 cxd4 20. Bxa6 Rxa6 21.
Bxd4 Rd6 22. Qe2 e5 23. Bb2 Red8 24. g3 Bh6 25. Rbd1 Qd7 26. Bc1 Bxc1 27. Rxc1
Nb4 28. Qc4+ Kh8 29. Rf1 Nxa2 30. Ra1 Rc8 31. Qh4 Rc2 32. Qe4 Qc6 33. Qxc6
Rdxc6 34. Rfd1 Rc1 35. Kg2 Rxd1 36. Rxd1 Kg8 37. Rd5 Nc1 38. Rxa5 Nxb3 39. Ra8+
Kf7 40. Ra7+ Kf8 41. Ra8+ Kf7 42. Ra7+ 1/2-1/2

[Event "PHzene19"]
[Site "Zagreb, Masarykova 22"]
[Date "2019.05.08"]
[Round "2.2"]
[White "Radikovic, Anamarija"]
[Black "Cvitan, Ena"]
[Result "1/2-1/2"]
[WhiteElo "1918"]
[BlackElo "2132"]
[PlyCount "170"]
[EventDate "2019.??.??"]

1. d4 d5 2. c4 e6 3. Nc3 a6 4. cxd5 exd5 5. Nf3 Nf6 6. Bg5 Be6 7. e3 Bd6 8. Bd3
Nbd7 9. Qc2 Rc8 10. O-O h6 11. Bh4 O-O 12. Ne5 Bxe5 13. dxe5 Nxe5 14. f4 Nxd3
15. Qxd3 c6 16. f5 Bd7 17. Qd4 Re8 18. Rae1 Qe7 19. e4 Qe5 20. Qxe5 Rxe5 21.
Bxf6 gxf6 22. exd5 Rxe1 23. Rxe1 Bxf5 24. Rf1 Bg6 25. Rxf6 cxd5 26. Nxd5 Kg7
27. Rf2 Rc1+ 28. Rf1 Rxf1+ 29. Kxf1 Be4 30. Nc3 Bc6 31. Kf2 Kf6 32. g3 Kf5 33.
h3 Ke5 34. Ke3 Bd7 35. h4 Bc6 36. Ne2 Kf5 37. Nf4 Kg4 38. Kf2 a5 39. Nd3 f6 40.
Nf4 b5 41. Ne6 Bd5 42. Nc7 Bxa2 43. Nxb5 f5 44. Nc3 Bc4 45. Nd1 f4 46. gxf4
Kxf4 47. Ne3 Be6 48. Ng2+ Kg4 49. Ke3 Bd7 50. Nf4 Kxh4 51. Ng6+ Kg5 52. Ne5 Be6
53. Nc6 a4 54. Nd4 Bd5 55. Ne2 Kg4 56. Nf4 Bb3 57. Ng2 h5 58. Kf2 h4 59. Nxh4
Kxh4 60. Ke3 Kg3 61. Kd2 Kf2 62. Kc1 Ke1 63. Kb1 Kd2 64. Ka1 Bc2 65. Ka2 Kc1
66. Ka1 Bg6 67. Ka2 Kd2 68. Ka3 Bc2 69. Ka2 Bb3+ 70. Ka1 Bf7 71. Kb1 Be6 72.
Ka1 Kd3 73. Kb1 Kc4 74. Ka1 Kb3 75. Kb1 Bf5+ 76. Ka1 Kc4 77. Ka2 Bc2 78. Ka1
Kd3 79. Ka2 Bb3+ 80. Ka1 Kd2 81. Kb1 Bc2+ 82. Ka1 Kc1 83. Ka2 Bb3+ 84. Ka1 Bf7
85. b3 axb3 1/2-1/2

[Event "PHzene19"]
[Site "Zagreb, Masarykova 22"]
[Date "2019.05.08"]
[Round "2.3"]
[White "Blazeka, Mihaela"]
[Black "Muha, Magdalena"]
[Result "1-0"]
[WhiteElo "2118"]
[BlackElo "1918"]
[PlyCount "67"]
[EventDate "2019.??.??"]

1. e4 e6 2. d4 d5 3. Nd2 c5 4. exd5 Qxd5 5. Ngf3 Nc6 6. Bc4 Qd7 7. Nb3 cxd4 8.
O-O a6 9. Nbxd4 Nxd4 10. Nxd4 b5 11. Bb3 Nf6 12. a4 Bc5 13. Be3 Bb7 14. Nxe6
Bxe3 15. Nxg7+ Kf8 16. Qxd7 Nxd7 17. fxe3 Ne5 18. Ne6+ Ke7 19. Nd4 Rhg8 20.
Nf5+ Kd7 21. Rad1+ Kc7 22. Bd5 Rg4 23. Bxb7 Kxb7 24. Nd6+ Kb6 25. Nxf7 Nxf7 26.
Rxf7 Rxa4 27. c3 Re8 28. b4 Re6 29. Rxh7 Ra3 30. Rdd7 Ra1+ 31. Kf2 Ra2+ 32. Kf3
Rf6+ 33. Ke4 Rxg2 34. Ke5 1-0

[Event "PHzene19"]
[Site "Zagreb, Masarykova 22"]
[Date "2019.05.08"]
[Round "2.4"]
[White "Grgic, Neomi"]
[Black "Ivekovic, Tihana"]
[Result "0-1"]
[WhiteElo "1904"]
[BlackElo "2081"]
[PlyCount "142"]
[EventDate "2019.??.??"]

1. e4 c5 2. Nf3 e6 3. g3 g6 4. Bg2 Bg7 5. O-O Nc6 6. c3 Nge7 7. Re1 d6 8. Na3
O-O 9. d4 cxd4 10. cxd4 d5 11. e5 a6 12. Nc2 Qb6 13. b3 a5 14. Ba3 Nb4 15. Qd2
Nec6 16. Ne3 Qd8 17. Red1 b6 18. Ne1 Ba6 19. f4 Re8 20. Qf2 f5 21. exf6 Qxf6
22. Bb2 Bb7 23. a3 Na6 24. Nf3 Rac8 25. Re1 Nc7 26. Rac1 Nb5 27. a4 Nbxd4 28.
Rxc6 Nxf3+ 29. Bxf3 Qxb2 30. Qxb2 Bxb2 31. Rxb6 Ba8 32. Bg4 Rc6 33. Rb5 Rcc8
34. Nd1 Bd4+ 35. Kf1 Kf7 36. Rxa5 Bb7 37. Be2 e5 38. Ba6 Bxa6+ 39. Rxa6 e4 40.
Rd6 Red8 41. Rxd8 Rxd8 42. Nf2 Rb8 43. Rd1 Rb4 44. a5 Ke6 45. a6 Ba7 46. Rc1
Rb6 47. Ng4 Rxa6 48. Ne5 Bb8 49. Nc6 Bd6 50. b4 Rb6 51. b5 Kd7 52. Nd4 Rb7 53.
Ke2 Ba3 54. Rb1 Bc5 55. Nc6 Kd6 56. g4 d4 57. Ne5 Kd5 58. Kd2 Bd6 59. b6 Bxe5
60. Rb5+ Kc4 61. Rxe5 e3+ 62. Ke2 Rxb6 63. f5 gxf5 64. gxf5 Rh6 65. Re6 Rxh2+
66. Kf3 Rf2+ 67. Kg4 h5+ 68. Kg5 h4 69. Re4 h3 70. f6 h2 71. Rf4 Rxf4 0-1

[Event "PHzene19"]
[Site "Zagreb, Masarykova 22"]
[Date "2019.05.08"]
[Round "2.5"]
[White "Vujnovic, Patricija"]
[Black "Trgovac, Marta"]
[Result "1-0"]
[WhiteElo "2071"]
[BlackElo "1245"]
[PlyCount "77"]
[EventDate "2019.??.??"]

1. d4 Nf6 2. c4 g6 3. Nc3 Bg7 4. e4 d6 5. h3 O-O 6. Be3 Nbd7 7. Nge2 c5 8. d5
Ne5 9. Nc1 a6 10. Qd2 Re8 11. Be2 Rb8 12. a4 b6 13. O-O Qc7 14. f4 Ned7 15. Nd3
e6 16. dxe6 Rxe6 17. Bf3 Bb7 18. Nf2 Rbe8 19. Nd5 Nxd5 20. cxd5 R6e7 21. Rfe1
Qb8 22. g4 Nf8 23. Kg2 Rd7 24. g5 f5 25. gxf6 Bxf6 26. Ng4 Bg7 27. f5 h5 28.
Nh6+ Kh7 29. Kh1 Qd8 30. fxg6+ Nxg6 31. Nf5 Qf6 32. Rg1 Rg8 33. Rg5 Re8 34.
Rag1 Ne5 35. Rxg7+ Rxg7 36. Rxg7+ Kh8 37. Bg5 Qxg7 38. Nxg7 Nxf3 39. Qf4 1-0

[Event "PHzene19"]
[Site "Zagreb, Masarykova 22"]
[Date "2019.05.08"]
[Round "2.6"]
[White "Maroslavac, Ivana"]
[Black "Golub, Nikolina"]
[Result "1/2-1/2"]
[WhiteElo "1825"]
[BlackElo "1860"]
[PlyCount "71"]
[EventDate "2019.??.??"]

1. e4 e6 2. d4 d5 3. Nc3 Nf6 4. e5 Nfd7 5. f4 c5 6. Nf3 Nc6 7. Be3 Qb6 8. Na4
Qa5+ 9. c3 c4 10. b4 Nxb4 11. cxb4 Bxb4+ 12. Kf2 b5 13. Nb2 Ba3 14. Qc2 Bb7 15.
Bd2 c3 16. Qxc3 Qxc3 17. Bxc3 b4 18. Bxb4 Bxb4 19. Nd3 Ba5 20. Be2 Rc8 21. Rac1
Ke7 22. Rxc8 Rxc8 23. Rc1 Rxc1 24. Nxc1 h6 25. Nb3 Bb4 26. Ke3 Bc6 27. Nbd2 Nb6
28. Bd3 Na4 29. Nb1 Nb2 30. Nfd2 Nxd3 31. Kxd3 Bb5+ 32. Kc2 Kd7 33. Nc3 Bc6 34.
Kb3 Be7 35. Nf3 g6 36. g3 1/2-1/2

[Event "PHzene19"]
[Site "Zagreb, Masarykova 22"]
[Date "2019.05.08"]
[Round "2.7"]
[White "Arnold, Dora"]
[Black "Smetisko, Marija"]
[Result "0-1"]
[WhiteElo "1482"]
[BlackElo "1850"]
[PlyCount "118"]
[EventDate "2019.??.??"]

1. e4 e5 2. Nf3 Nc6 3. Bc4 Bc5 4. c3 d6 5. h3 h6 6. d4 exd4 7. cxd4 Bb6 8. Nc3
Nf6 9. O-O O-O 10. Re1 Re8 11. Bb3 Ne7 12. Be3 d5 13. e5 Ne4 14. Nd2 Nxc3 15.
bxc3 Nf5 16. Qf3 c6 17. Bc2 Nxe3 18. fxe3 Be6 19. Nf1 Ba5 20. e4 c5 21. Red1
cxd4 22. cxd4 Qc7 23. Rac1 Qd7 24. Qa3 Qd8 25. Ne3 Bb6 26. Qd3 dxe4 27. Qxe4
Qg5 28. Kh1 g6 29. Nd5 Bxd5 30. Qxd5 Rad8 31. Qc4 Rd7 32. Ba4 Rc7 33. Qf1 Rxc1
34. Rxc1 Rd8 35. Bb3 Qe7 36. d5 Qxe5 37. Re1 Qd6 38. Qf3 Bc7 39. Kg1 Qh2+ 40.
Kf2 Bb6+ 41. Ke2 Qe5+ 42. Kf1 Qd6 43. Qg4 Qc5 44. Qg3 Rc8 45. a4 Qg1+ 46. Ke2
Re8+ 47. Kd1 Qd4+ 48. Kc2 Rc8+ 49. Kb1 Rc3 50. Qb8+ Kh7 51. Bc2 Qb4+ 52. Kc1
Rxc2+ 53. Kxc2 Qxe1 54. Qxb7 Qe4+ 55. Kc3 Ba5+ 56. Kb3 Qd3+ 57. Ka2 Qc4+ 58.
Kb2 Qb4+ 59. Qxb4 Bxb4 0-1

[Event "PHzene19"]
[Site "Zagreb, Masarykova 22"]
[Date "2019.05.08"]
[Round "2.9"]
[White "Trgovac, Mira"]
[Black "Purkic, Ruza"]
[Result "1-0"]
[WhiteElo "1546"]
[BlackElo "1443"]
[PlyCount "101"]
[EventDate "2019.??.??"]

1. d4 Nf6 2. c4 c5 3. Nf3 g6 4. e3 Bg7 5. Be2 O-O 6. O-O d5 7. dxc5 Nc6 8. Nc3
dxc4 9. Qxd8 Rxd8 10. Bxc4 Nb4 11. Bb3 Bf5 12. Ng5 Nc2 13. Nxf7 Nxa1 14. Nxd8+
Nxb3 15. Nxb7 Rb8 16. c6 Na1 17. Rd1 Ne8 18. e4 Be6 19. Bf4 Rc8 20. Rxa1 Rxc6
21. Nd8 Ra6 22. Nxe6 Rxe6 23. f3 Bd4+ 24. Kf1 Rb6 25. Rd1 e5 26. Bc1 Nc7 27.
Ne2 Ne6 28. b3 Rc6 29. Nxd4 Nxd4 30. Be3 Rd6 31. Bxd4 exd4 32. Ke2 Kf7 33. Kd3
Ke6 34. Rc1 Ra6 35. Rc2 Ke5 36. Rc5+ Ke6 37. a4 Rb6 38. Rb5 Rc6 39. Rb7 a6 40.
b4 h5 41. b5 axb5 42. Rxb5 Rc1 43. Kxd4 Kd7 44. a5 Ra1 45. Rg5 Kc7 46. Rxg6
Rxa5 47. Ke3 Kd7 48. Kf4 Ra2 49. h4 Ke7 50. g3 Kf7 51. Rg5 1-0

[Event "PHzene19"]
[Site "Zagreb, Masarykova 22"]
[Date "2019.05.08"]
[Round "2.10"]
[White "Spilek, Kristina"]
[Black "Smetisko, Lucija"]
[Result "0-1"]
[WhiteElo "1384"]
[BlackElo "1532"]
[PlyCount "120"]
[EventDate "2019.??.??"]

1. e4 e5 2. Nf3 Nc6 3. d4 exd4 4. Nxd4 Bc5 5. Be3 Nxd4 6. Bxd4 Bxd4 7. Qxd4 Qf6
8. Qxf6 Nxf6 9. Bd3 b6 10. Nd2 Bb7 11. f3 O-O-O 12. O-O-O Rhe8 13. Rhe1 d6 14.
Kb1 Re7 15. Re2 Rde8 16. Rde1 Nh5 17. g3 Nf6 18. Kc1 Nd7 19. c3 Kd8 20. Nb3 Ne5
21. Re3 Nxd3+ 22. Rxd3 f5 23. Rde3 fxe4 24. fxe4 Bxe4 25. Nd2 Bd5 26. Rxe7 Rxe7
27. Rxe7 Kxe7 28. a3 Kf6 29. Nf1 Be6 30. Kd2 Ke5 31. Ke3 c5 32. Nd2 a5 33. Nf3+
Kf6 34. Kf4 h6 35. Nd2 g5+ 36. Ke3 b5 37. Ne4+ Ke5 38. Nd2 Bd5 39. Nf1 b4 40.
Nd2 bxa3 41. bxa3 a4 42. Kd3 h5 43. Ke3 Kf5 44. h3 Bg2 45. h4 gxh4 46. gxh4 d5
47. Kf2 Be4 48. Kg3 d4 49. cxd4 cxd4 50. Nc4 Bd5 51. Nd2 d3 52. Nf1 Ke4 53. Kf2
Kd4 54. Ke1 Kc3 55. Nd2 Kb2 56. Kd1 Bb3+ 57. Ke1 Kxa3 58. Ne4 Kb2 59. Nc5 Kc2
60. Na6 d2+ 0-1

[Event "PHzene19"]
[Site "Zagreb, Masarykova 22"]
[Date "2019.05.08"]
[Round "3.1"]
[White "Ivekovic, Tihana"]
[Black "Blazeka, Mihaela"]
[Result "1-0"]
[WhiteElo "2081"]
[BlackElo "2118"]
[PlyCount "83"]
[EventDate "2019.??.??"]

1. d4 Nf6 2. c4 e6 3. g3 d5 4. Nf3 dxc4 5. Bg2 a6 6. O-O Nc6 7. e3 Nd5 8. e4
Nf6 9. Nc3 Bb4 10. d5 Bxc3 11. dxc6 Qxd1 12. Rxd1 Ba5 13. Ne5 c3 14. Nc4 Bb4
15. a3 Bc5 16. b4 Bb6 17. Nxb6 cxb6 18. Be3 bxc6 19. Bxb6 Nd7 20. Bd4 e5 21.
Bxc3 Ke7 22. Rac1 f6 23. Bd2 Bb7 24. Be3 Rhd8 25. Bh3 Nf8 26. Bc5+ Ke8 27. Bb6
Rxd1+ 28. Rxd1 Kf7 29. f3 Re8 30. Bc5 Bc8 31. Bf1 Ne6 32. Bc4 Kg6 33. Rd6 Ng5
34. Kf2 Bg4 35. Be2 Rc8 36. Ke3 Nf7 37. Rd2 Be6 38. Bxa6 Ra8 39. b5 Bc4 40. Bb7
Ra5 41. Bxc6 Bxb5 42. Bb4 1-0

[Event "PHzene19"]
[Site "Zagreb, Masarykova 22"]
[Date "2019.05.08"]
[Round "3.3"]
[White "Golub, Nikolina"]
[Black "Medic, Mirjana"]
[Result "0-1"]
[WhiteElo "1860"]
[BlackElo "2253"]
[PlyCount "120"]
[EventDate "2019.??.??"]

1. d4 Nf6 2. c4 e6 3. Nf3 b6 4. g3 Bb7 5. Bg2 Be7 6. O-O O-O 7. Nbd2 d5 8. b3
Nbd7 9. Bb2 c5 10. e3 Qc7 11. Rc1 Rac8 12. Re1 Qb8 13. Qe2 Rfd8 14. Red1 h6 15.
Qe1 cxd4 16. exd4 dxc4 17. bxc4 Bb4 18. a3 Bd6 19. Qe2 Qa8 20. Ne1 Re8 21. Bxb7
Qxb7 22. Nef3 Qa6 23. Ne5 Qa4 24. Qf3 Rc7 25. Re1 Nf8 26. h4 Rec8 27. Kg2 Qa5
28. Nb3 Qa4 29. Nd2 Qa5 30. Nb3 Qa6 31. Nd2 Qb7 32. Rb1 Qxf3+ 33. Kxf3 N8d7 34.
Nd3 Nb8 35. Ne5 Nc6 36. Nxc6 Rxc6 37. Re3 R6c7 38. Rbe1 Bf8 39. Re5 Nd7 40.
R5e3 Rd8 41. Rc1 Nb8 42. Ke2 Nc6 43. Nb3 Ne7 44. g4 Rdc8 45. Rec3 Nc6 46. f4
Rd7 47. Rd3 Rcd8 48. Rcd1 Ne7 49. h5 g6 50. hxg6 Nxg6 51. Kf3 Bg7 52. R3d2 Rc8
53. Rc1 Rdc7 54. Rdc2 Ne7 55. Rc3 f5 56. gxf5 Nxf5 57. R3c2 Kf7 58. a4 Bf6 59.
Ba1 Rg8 60. Rg2 Nh4+ 0-1

[Event "PHzene19"]
[Site "Zagreb, Masarykova 22"]
[Date "2019.05.08"]
[Round "3.4"]
[White "Spiranec, Noemi"]
[Black "Radikovic, Anamarija"]
[Result "1/2-1/2"]
[WhiteElo "2009"]
[BlackElo "1918"]
[PlyCount "86"]
[EventDate "2019.??.??"]

1. d4 Nf6 2. c4 g6 3. g3 Bg7 4. Bg2 O-O 5. Nc3 d6 6. Nf3 Nc6 7. O-O e5 8. d5
Ne7 9. e4 Nh5 10. Ne1 Bd7 11. Be3 h6 12. Bf3 Nf6 13. h4 Qc8 14. b4 Ng4 15. Bd2
Nf6 16. Rc1 Bg4 17. Bxg4 Nxg4 18. f3 Nf6 19. Kg2 Ne8 20. c5 f5 21. Nd3 Qd7 22.
Qb3 Kh7 23. b5 Nf6 24. Be3 Nh5 25. Bf2 fxe4 26. Nxe4 Qf5 27. Nb4 Qd7 28. c6
bxc6 29. Nxc6 Nf5 30. Rh1 Qf7 31. Nxa7 Nfxg3 32. Nxg3 Nxg3 33. Kxg3 e4 34. Kg2
Qf4 35. Rc4 exf3+ 36. Kf1 Qe5 37. Qd1 Rxa7 38. Bxa7 Qg3 39. Rc2 Re8 40. Rf2 Bc3
41. Rxf3 Re1+ 42. Qxe1 Qxf3+ 43. Qf2 Qxh1+ 1/2-1/2

[Event "PHzene19"]
[Site "Zagreb, Masarykova 22"]
[Date "2019.05.08"]
[Round "3.5"]
[White "Muha, Magdalena"]
[Black "Bevanda, Ema"]
[Result "0-1"]
[WhiteElo "1918"]
[BlackElo "1754"]
[PlyCount "74"]
[EventDate "2019.??.??"]

1. d4 d5 2. c4 e6 3. Nc3 Nf6 4. cxd5 exd5 5. Bg5 Be7 6. e3 O-O 7. Bd3 h6 8. Bh4
b6 9. Nf3 Bb7 10. O-O Nbd7 11. Qe2 c5 12. Rac1 Re8 13. Rfd1 c4 14. Bb1 a6 15.
a4 Bc6 16. Ne5 Qc7 17. Bg3 Bd6 18. Nxd7 Bxd7 19. Bxd6 Qxd6 20. e4 dxe4 21. Qxc4
Ng4 22. g3 Qf6 23. Rd2 e3 24. fxe3 Nxe3 25. Qd3 g6 26. Ne4 Rxe4 27. Qxe4 Re8
28. Qb7 Bxa4 29. Rf2 Qe6 30. Re1 Bc6 31. Qc7 Qd5 32. Be4 Rxe4 33. Rf6 Ba8 34.
Rd6 Qb7 35. Qd8+ Kh7 36. Rd7 Re8 37. Qxe8 Qg2# 0-1

[Event "PHzene19"]
[Site "Zagreb, Masarykova 22"]
[Date "2019.05.08"]
[Round "3.6"]
[White "Smetisko, Lucija"]
[Black "Grgic, Neomi"]
[Result "0-1"]
[WhiteElo "1532"]
[BlackElo "1904"]
[PlyCount "94"]
[EventDate "2019.??.??"]

1. e4 e5 2. Nf3 Nc6 3. Bc4 Bc5 4. c3 Nf6 5. d3 a6 6. O-O Ba7 7. Nbd2 d6 8. b4
h6 9. a4 O-O 10. Bb2 a5 11. b5 Ne7 12. Qc2 Ng6 13. d4 Nh7 14. Rfe1 Ng5 15. Rad1
Bg4 16. Re3 Qf6 17. Rde1 Nxf3+ 18. Nxf3 Nf4 19. Be2 Nxe2+ 20. R1xe2 Qg6 21. Rd2
Rae8 22. Ne1 f5 23. exf5 Bxf5 24. Qb3+ Be6 25. c4 Qg5 26. Qc2 Bf5 27. Qc1 Qh4
28. Nf3 Qh5 29. c5 Bg4 30. Ne1 exd4 31. Bxd4 Bxc5 32. Qc4+ Qf7 33. Qxf7+ Kxf7
34. Bxc5 dxc5 35. Nc2 Rxe3 36. Nxe3 Be6 37. Rc2 b6 38. Nc4 Rd8 39. f3 Bxc4 40.
Rxc4 Rd2 41. h4 Rb2 42. Kf1 Rb4 43. Rxb4 axb4 44. Ke2 c4 45. Ke3 Ke6 46. Kd4 b3
47. Kc3 Ke5 0-1